American citizens -- prisoners in Van Dieman's Land. Message from the President of the United States, transmitting the information required by the resolution of the House of Representatives of the 21st ultimo, in relation to the American citizens now British prisoners of state in Van Dieman's Land.

Bibliographic Details
Corporate Authors: United States. Congress. House. Committee on Foreign Affairs, ProQuest (Firm), United States. Department of State
Format: Government Document eBook
Language:English
Published: Washington : [publisher not identified], 1841.
Series:United States congressional serial set.
Subjects:
Online Access:Connect to the full text of this electronic book

MARC

Tag First Indicator Second Indicator Subfields
LEADER 00000cam a22000001a 4500
001 in00002882813
005 20190331190238.0
006 m o d
007 cr un mmmapmmp
008 081013s1841 dcu o f000 0 eng d
035 |a cis2004297145 
040 |a UMI  |c UMI  |d UtOrBLW 
043 |a n-us--- 
086 0 |a S 1.1:841 
099 |a ProQuest Serial Set Number 392 H.doc.39 
110 1 |a United States.  |b Congress.  |b House.  |b Committee on Foreign Affairs. 
245 1 0 |a American citizens -- prisoners in Van Dieman's Land. Message from the President of the United States, transmitting the information required by the resolution of the House of Representatives of the 21st ultimo, in relation to the American citizens now British prisoners of state in Van Dieman's Land. 
246 1 |a Information on American citizens, prisoners in Van Dieman's land 
264 1 |a Washington :  |b [publisher not identified],  |c 1841. 
300 |a 1 online resource. 
336 |a text  |b txt  |2 rdacontent 
337 |a computer  |b c  |2 rdamedia 
338 |a online resource  |b cr  |2 rdacarrier 
490 0 |a H.doc.39 
500 |a Record is based on bibliographic data in ProQuest U.S. Serial Set Digital Collection (last viewed Oct. 2008). Reuse except for individual research requires license from ProQuest, LLC. 
510 3 |a ProQuest U.S. Serial Set Digital Collection 
500 |a Electronic resource. 
650 0 |a Citizenship. 
650 0 |a Prisoners. 
651 0 |a Tasmania. 
655 7 |a Electronic books.  |2 local 
710 2 |a ProQuest (Firm) 
710 1 |a United States.  |b Department of State. 
830 0 |a United States congressional serial set. 
856 4 0 |u http://proxy.library.tamu.edu/login?url=http://congressional.proquest.com/congcomp/getdoc?SERIAL-SET-ID=392+H.doc.39  |z Connect to the full text of this electronic book  |t 0 
999 |a MARS 
999 f f |s 368ac62b-7339-34a1-833e-84028f9974e6  |i 7bd771ea-6847-3e8d-a482-6bda78e9acff  |t 0 
952 f f |a Texas A&M University  |b College Station  |c Electronic Resources  |d Available Online  |t 0  |e ProQuest Serial Set Number 392 H.doc.39  |h Other scheme 
998 f f |a ProQuest Serial Set Number 392 H.doc.39  |t 0  |l Available Online